Представление документа в формате RUSMARC

ПолеНазваниеЗначение
  Тип записи a
  Библиографический уровень m
001 Контрольный номер RuMoRGB-005389206
005 Дата корректировки 20201206204854.0
010 Индекс ISBN __
a ISBN 978-5-91678-086-4
d Цена 251-02
100 Данные общей обработки __
a Данные общей обработки 19120206d2012 |||y1rusy0189 ca
101 Язык документа 1_
a Язык текста rus
c Язык оригинала fre
102 Страна публикации __
a Страна публикации ru
105 Кодированные данные (монография) __
a Кодированные данные (монография) a zzzz000zy
200 Заглавие и сведения об ответственности 1_
a Заглавие Наука нравиться
e Сведения, относящиеся к заглавию любовь и флирт в зеркале психологии
f Первые сведения об ответственности Николя Геген ; [пер. с фр. И. Хмелевской]
b Общее обозначение материала Текст
210 Выходные данные __
a Место издания М.
c Издательство ЛомоносовЪ
d Дата издания 2012
215 Физическое описание __
a Объем 185, [6] с.
c Иллюстрации/тип воспроизводства ил., табл.
d Формат 20 см
225 Серия __
a Серия Прикладная психология
300 Общие примечания __
a Общие примечания Загл. и авт. также на фр. яз.: 100 petites experiences de psychologie de la seduction / N. Gueguen
330 Аннотация __
a Аннотация Известный французский психолог, профессор Николя Геген наглядно раскрывает психологическую подоплеку любви и влюбленности и убеждает читателя, что любовь и флирт — это не только высокое искусство, но и точная наука.
606 Тематические рубрики __
a Основная рубрика Психология
606 Тематические рубрики __
a Основная рубрика Социальная психология
610 Ключевые слова __
a Ключевые слова любовь; флирт; влюбленность; психология любви; симпатия; вербальное общение; невербальное общение; психология взаимоотношений; психология мужчин; психология женщин; женская психология; мужская психология
686 Индексы других классификаций __
a Классификационный индекс 88.576.6; ст88.5
700 Автор _1
a Фамилия Геген
b Имя Н.
g Полное личное имя Николя
4 Код отношения 070
702 Вторичная интеллектуальная ответственность __
a Фамилия Хмелевская
b Имя И.
4 Код отношения Переводчик
4 Код отношения 730
801 Источник записи _0
a Страна ru
b Организация Муниципальное бюджетное учреждение культуры "Централизованная библиотечная система" г. Сургут (Центральная городская библиотека им. А. С. Пушкина)
c Дата составления 20120206
g Правила каталогизации КиК/Котельникова
801 Источник записи _1
a Страна ru
b Организация Муниципальное бюджетное учреждение культуры "Централизованная библиотечная система" г. Сургут (Центральная городская библиотека им. А. С. Пушкина)
c Дата составления 20120206
g Правила каталогизации КиК/Котельникова
852 Данные о местонахождении __
j Шифр хранения 88.576.6
i Авторский знак Г 27
901 Тип документа __
t Тип документа m
903 Характеристики (МАРС) __
a Дата передачи 20130625
990 Данные о заказе (DOS) __
j Количество экземпляров (DOS) 4
h N записи в КСУ для Б/У (DOS) 201307